| 000 | 01034nam a2200205Ia 4500 | ||
|---|---|---|---|
| 999 |
_c44437 _d44437 |
||
| 001 | 11206 | ||
| 003 | GE_BSU | ||
| 005 | 20260427131925.0 | ||
| 008 | 181216s1966||||ge |||||||||||||| ||geo|| | ||
| 040 | _cGE_BSU | ||
| 041 | _ageo | ||
| 080 | _a621.1(075.8) ლ-81 | ||
| 100 |
_aლომინაძე, შ. _922 |
||
| 245 |
_aთბოტექნიკის თეორიული საფუძვლები : _b[სახელმძღვ. საქ. სას-სამ. ინ-ტის საინჟინრო ფაკ-ტების სტუდენტებისათვის] / _cშალვა ლომინაძე; მეცნ. რედ: ი. ტურაშვილი. |
||
| 264 |
_aთბილისი: _bგანათლება, _c1966. |
||
| 300 |
_a387 გვ.; _b22 სმ. |
||
| 653 | _aთბოტექნიკის თეორიული საფუძვლები | ||
| 700 |
_aტურაშვილი, ი. _eრედაქტორი _927381 |
||
| 942 |
_cBK _2udc |
||